000 00584nam a22001937a 4500
005 20210419074100.0
008 210227s1972 ||||| |||| 00| 0 eng d
040 _aeng
_cDLC
041 _aeng
080 _a821.111
_bS-68
100 _9497
_aSmith, E. E. Doc
245 _aSpacehounds of IPC
_b: A Tale of the Inter-Planetary Corporation
_c/ by: A Pyramid Book
260 _aNew York
_bA Pyramid Book
_c1972
300 _a220 p.
365 _b1.05 usd
650 0 _9254
_aEnglish literature
653 _aინგლისური ლიტერატურა
942 _2udc
_cBK
999 _c1927
_d1927